MST3K Follow That Line: Swamp Diamonds Quiz Stats

 Plays Quiz not verified by Sporcle

Support Sporcle.
Go Orange.
Score 0/20 Timer 06:00
0 Plays Today
% Correct
Serbia?
96.4%
And sweet love beyond the call of duty.
91.2%
And the head of Alfredo Garcia.
88.2%
For effect.
87.3%
Or you could all jump me.
87.3%
Herb Alpert plays the haunting Swamp Diamond love theme.
86.4%
Wake the pussycats!
85.5%
We saw him come out of Lend Me a Tenor.
84.9%
Yeah, I'm gonna dredge it and put up condos.
82.8%
It's a reenactment of the breakup of the Judds.
81.3%
% Correct
Well, you'd always have a place to park.
80.7%
Yeah, okay, Senator.
78.5%
Impose sanctions.
78.5%
Story of my life, sir.
78.5%
Hey, Roger's getting footage for another movie!
75.5%
Ooh, why am I thinking of Joe Theismann?
71.9%
Oh, her, it was a first date.
70.4%
She was deloused.
61.9%
You don't need Andrea Dworkin to figure that one out.
60.1%
Next time we kidnap Ernest Borgnine.
48%

You're not logged in!

Compare scores with friends on all Sporcle quizzes.
OR
Log In

From the Vault

4 to 13 Letter 'L' Places

by FilipinoBreloom

Where the 'L' are we, anyway?
Remove Ads.
Support Sporcle.
Get the best of Sporcle when you Go Orange. This ad-free experience offers more features, more stats, and more fun while also helping to support Sporcle. Thank you for becoming a member.

Show Comments

Extras

Created Mar 1, 2016ReportNominate
Tags:Clickable Quiz, Follow, mst3k, Reply, riff

Top Quizzes Today


Score Distribution

Your Account Isn't Verified!

In order to create a playlist on Sporcle, you need to verify the email address you used during registration. Go to your Sporcle Settings to finish the process.

Report this User

Report this user for behavior that violates our Community Guidelines.

Details: